Statystyki dla Rejestracje woj. podlaskiego

Kliknij tutaj aby rozwiązać quiz!

Ogólne statystyki

  • Ten quiz został rozwiązany 178 razy
  • Średni wynik to 9 z 15

Statystyki odpowiedzi

REJESTRACJAPOWIAT% Poprawnych
BIBiałystok
88%
BSSuwałki
78%
BLŁomża
72%
BAUaugustowski
70%
BIAbiałostocki
70%
BSUsuwalski
66%
BHAhajnowski
59%
BZAzambrowski
58%
BGRgrajewski
55%
BLMłomżyński
55%
BSKsokólski
55%
BWMwysokomazowiecki
55%
BMNmoniecki
51%
BBIbielski
50%
BSIsiemiatycki
47%

Rozkład punktacji

Percentyl według liczby udzielonych odpowiedzi

Procent ludzi z każdym wynikiem

Twoja historia wyników

Nie rozwiązałeś tego quizu